000 00229 a2200097 4500
001 46141
100 _aKeeton G W
245 _aThe Year book of world affairs 1978
260 _aLondon
_bStevens & Sons
_c
090 _c29244
_d29244
942 _aNUST-CAE
_cM
_c21385
999 _c281214
_d281214